000 00455nam a2200181Ia 4500
005 20240424132822.0
008 131103s9999 xx 000 0 und d
040 _aLoreto College
041 _aEnglish
082 _a371.3
_bASH
100 _aAshton - Warner, Sylvia
245 _aTeacher
_cSylvia Ashton-Warner
260 _aNew York
_bSimon and Schuster
_c1963
300 _a224 p.
_b ill.
650 _aEducation
850 _aLCBED
942 _cBK
999 _c27394
_d77873